LEADER 01026cam0 2200265 450 001 E600200064846 005 20100617094534.0 100 $a20100617d1960 |||||ita|0103 ba 101 $aita 102 $aIT 200 1 $a<>partiti politici nella Repubblica romana$ediscorso tenuto nell'Università di Macerata per l'inaugurazione dell'anno accademico 1958-1959$fFeliciano Serrao 210 $aMacerata$c[s.n.]$d1960 215 $ap. 42-80$d25 cm 300 $a(mm) 300 $aEstr. da: Annuario 1957-58 e 1958-59 dell'Università di Macerata 700 1$aSerrao$b, Feliciano$3A600200054945$4070$0151749 801 0$aIT$bUNISOB$c20100617$gRICA 850 $aUNISOB 852 $aUNISOB$jFondo|Casavola|Opusc$m151056 912 $aE600200064846 940 $aM 102 Monografia moderna SBN 941 $aM 957 $b838$gSi$d151056$hCasavola$rdono$1menle$2UNISOB$3UNISOB$420100617094537.0$520100617094649.0$6menle$aFondo|Casavola|Opusc 996 $aPartiti politici nella Repubblica romana$91221428 997 $aUNISOB